| 000 | 02599nam0a2200349 4500 | ||
|---|---|---|---|
| 001 | RU\NLR\BIBL_A\012675226 | ||
| 005 | 20220418154808.0 | ||
| 010 |
_a978-5-907284-15-9 _9100 |
||
| 021 |
_aRU _bКН-П-21-057904 _9КН-П-21-4517 |
||
| 035 | _a(NLR Aleph) 012675226 | ||
| 090 |
_a12797336 _c12797336 |
||
| 100 | _a20211223d2021 um y0rusy50 ca | ||
| 101 | 0 | _arus | |
| 102 | _aRU | ||
| 105 | _aa|||j||||||z| | ||
| 181 | 0 |
_ai3 _baxxe |
|
| 182 | 0 | _an | |
| 200 | 1 |
_aРекомендации для воспитателей, работающих в группах комбинированной направленности с детьми с нарушениями зрения _eучебно-практическое пособие _eдля студентов, обучающихся по направлению подготовки Специальное (дефектологическое) образование, направленность (профиль) "Дошкольная дефектология", "Специальная психология", "Олигофренопедагогика", "Логопедия" _fЕ.В. Андрющенко, В.С. Васильева, И.А. Шелудько _gМинистерство просвещения Российской Федерации, Федеральное государственное бюджетное образовательное учреждение высшего образования "Южно-Уральский государственный гуманитарно-педагогический университет" |
|
| 203 |
_aТекст _bвизуальный _cнепосредственный |
||
| 210 |
_aЧелябинск _cИзд-во Южно-Урал. гос. гуман.-пед. ун-та _d2021 |
||
| 215 |
_a78 с. _cил. _d20 см. |
||
| 300 | _aВ вып. дан. авт.: И.А. Шелудько, В.С. Васильева, Е.В. Андрющенко | ||
| 320 | _aБиблиогр.: с. 70-78 и в тексте | ||
| 606 | 1 |
_aДети с нарушением зрения _xВоспитание и обучение _jУчебные издания _2nlr_sh1 _2nlr_sh2 _3RU\NLR\AUTH\661376688 |
|
| 686 | 1 | _aЧ433.1я7 | |
| 700 | 1 |
_aАндрющенко _bЕ. В. _gЕлена Валерьевна |
|
| 701 | 1 |
_aВасильева _bВ. С. _cканд. пед. наук _gВиктория Сергеевна _3RU\NLR\AUTH\770155772 |
|
| 701 | 1 |
_aШелудько _bИ. А. _gИрина Андреевна |
|
| 942 | _cBOOK | ||
| 980 | _aNB | ||